Flags of Countries That Border Hungary - Statistics

General Stats
  • This quiz has been taken 29 times
  • The average score is 6 of 7
Answer Stats
Picture Answer % Correct
Austria
100%
Croatia
100%
Romania
95%
Serbia
95%
Slovakia
91%
Slovenia
86%
Ukraine
77%
No matching quizzes found
Score Distribution
Percent of People with Each Score
Percentile by Number Answered
Your Score History
You have not taken this quiz